| 000 | 00595cam7a220021700 4500 | ||
|---|---|---|---|
| 001 | tmp15764528 | ||
| 003 | UPRA | ||
| 005 | 20190814122217.0 | ||
| 008 | 951023s1991 xx eng u | ||
| 035 | _a(Sirsi) r44526 | ||
| 035 | _a(UPRA)tmp15764528 | ||
| 040 | _cUPRA | ||
| 100 | 1 |
_aRice, Jane. _6A2094.1 |
|
| 245 | 1 | 0 | _aMedical terminology with human anatomy. |
| 250 | _a2nd ed. | ||
| 260 | _c1991. | ||
| 949 |
_aR123 _wLC _i-55515 _mMEDICAL _tBOOK _lON-SHELF |
||
| 949 |
_aR123 _wLC _i-55516 _mMEDICAL _tBOOK _lON-SHELF |
||
| 949 |
_aR123 _wLC _i-55517 _mMEDICAL _tBOOK _lON-SHELF |
||
| 004 | 44526 | ||
| 999 |
_c52041 _d52041 |
||